Critical issues in American psychiatry and the law / [1]
| Otros Autores: | |
|---|---|
| Tipo de documento: | Print Libro |
| Lenguaje: | Inglés |
| Publicado: |
1982
|
| En: |
Critical issues in American psychiatry and the law
Año: 1982 |
| Disponibilidad en Tübingen: | Disponible en Tübingen. UB: KB 14 A 246-1 |
| Verificar disponibilidad: | HBZ Gateway |
| Servicio de pedido Subito: | Pedir ahora. |
MARC
| LEADER | 00000cam a2200000 cc4500 | ||
|---|---|---|---|
| 001 | 1087593751 | ||
| 003 | DE-627 | ||
| 005 | 20220514113830.0 | ||
| 007 | tu | ||
| 008 | 890425s1982 xx ||||| 00| ||eng c | ||
| 020 | |a 039804578X |9 0-398-04578-X | ||
| 035 | |a (DE-627)1087593751 | ||
| 035 | |a (DE-576)017593751 | ||
| 035 | |a (DE-599)BSZ017593751 | ||
| 040 | |a DE-627 |b ger |c DE-627 |e rakwb | ||
| 041 | |a eng | ||
| 245 | 0 | 0 | |a Critical issues in American psychiatry and the law |n [1] |
| 264 | 1 | |c 1982 | |
| 300 | |a XVI, 372 S | ||
| 336 | |a Text |b txt |2 rdacontent | ||
| 337 | |a ohne Hilfsmittel zu benutzen |b n |2 rdamedia | ||
| 338 | |a Band |b nc |2 rdacarrier | ||
| 490 | 1 | |a American lecture series |v 1047 | |
| 500 | |a A monograph in the Bannerstone Division of behavioral science and law | ||
| 583 | 1 | |a Archivierung prüfen |c 20200919 |f DE-640 |z 2 |2 pdager | |
| 700 | 1 | |a Rosner, Richard |4 oth | |
| 773 | 1 | 8 | |a Critical issues in American psychiatry and the law |w (DE-627)182260208 |w (DE-576)014178907 |w (DE-600)1191447-6 |g [1] |q [1] |7 nnas |
| 830 | 0 | |a American lecture series |v 1047 |9 1047,1 |w (DE-627)130724041 |w (DE-576)000433934 |w (DE-600)972510-6 |x 0099-5371 |7 am | |
| 951 | |a MV | ||
| ELC | |b 1 | ||
| LOK | |0 000 xxxxxcx a22 zn 4500 | ||
| LOK | |0 001 2129183484 | ||
| LOK | |0 003 DE-627 | ||
| LOK | |0 004 1087593751 | ||
| LOK | |0 005 20150820091427 | ||
| LOK | |0 008 890425||||||||||||||||ger||||||| | ||
| LOK | |0 040 |a DE-21 |c DE-627 |d DE-21 | ||
| LOK | |0 852 |a DE-21 | ||
| LOK | |0 852 1 |c KB 14 A 246-1 |9 00 | ||
| LOK | |0 935 |a krim | ||
| LOK | |0 939 |a 25-04-89 |b l01 | ||
| ORI | |a SA-MARC-krimdoka001.raw | ||
| SIG | |a UB: KB 14 A 246-1 | ||
